| 000 | 01315nam a2200325 c 4500 | ||
|---|---|---|---|
| 003 | BLK | ||
| 005 | 20210305131510.0 | ||
| 008 | 180409b bul|||||r ||||||| ||bul|| | ||
| 010 | _aKNG00128582000 | ||
| 040 | _aBLK | ||
| 041 |
_aBUL _cBUL |
||
| 080 |
_aВъзпитание у дома. Семейно възпитание _b37.018.1 _x _z37.018.1 |
||
| 100 | 1 |
_aАтанасов, Жечо Господинов _eпърви автор _9364564 |
|
| 139 |
_aАтанасов, Жечо Господинов _bА 93 |
||
| 245 | 1 | 0 |
_aПървите седем години и след това _bОчерци _cЖечо Господинов Атанасов. |
| 257 | _aBGR | ||
| 260 |
_аСофия _bНар. просв. _c1990 _fЯмбол : Г. Димитров |
||
| 300 |
_a103 с. _bс ил. _c20 см |
||
| 380 | _a3 | ||
| 490 | 1 | _aБиблиотека за родителя | |
| 500 | _a54 102 тир. | ||
| 650 | 4 |
_aВъзпитание в семейството _9242361 |
|
| 650 | 4 |
_aСемейно възпитание _9263959 |
|
| 653 | _aсемейно възпитание | ||
| 852 | _aЦб 163369 | ||
| 856 | 4 |
_qpdf _u |
|
| 856 | 4 |
_qpdf _u |
|
| 942 |
_cKNG _n0 _01 |
||
| 944 |
_aCR _c10.03.2012 _l10.03.2012 - от С1,Р / 10.03.2012 _kНаталия_Медовщикова |
||
| 944 |
_aED _c10.03.2012 _l10.03.2012 - от С1,Р / 10.03.2012 _k |
||
| 999 |
_c122929 _d122929 |
||